| 000 | 00946cam a2200253 4500 | ||
|---|---|---|---|
| 001 | WB4031-13 | ||
| 008 | 040812n2004 000 0 eng u | ||
| 035 | _a(Sirsi) u127058 | ||
| 245 | _aGreen belts to be reviewed | ||
| 260 | _c2004 | ||
| 490 |
_aScottish Executive News Release _v 11 August 2004 (2) |
||
| 520 | _aA new Scottish Planning Policy on green belts is to be prepared, following research which showed both strong support for green belts and a need to clarify and strengthen the policy. Research project http://www.scotland.gov.uk/library5/development/rg bps-00.asp. News release http://www.scotland.gov.uk/News/Releases/2004/08/1 1094639. | ||
| 590 | _aWB | ||
| 590 | _aWB | ||
| 650 | _aGREEN BELTS | ||
| 650 | _aRESEARCH REPORTS | ||
| 650 | _aSCOTTISH PLANNING LAW | ||
| 650 | _aGREEN BELT POLICY | ||
| 650 | _aSCOTLAND | ||
| 650 | _aHOUSING NEEDS | ||
| 650 | _aREGENERATION | ||
| 690 | _aPLANNING | ||
| 942 | _n0 | ||
| 999 |
_c117846 _d117846 |
||